000
00302nam a2200121Ia 4500
008
241002s9999 xx 000 0 und d
082
_a
370 SPE
100
_a
Spencet, Herbert
245
0
_a
Education Intellectual Moral & Physical
260
_a
London:
_c
1949
600
_a
Social Sciences
942
_c
UC
999
_c
18537
_d
18537